"Jeopardy!" "Stupid Answers" Category Clues #7 - Statistics

General Stats
  • This quiz has been taken 155 times
  • The average score is 14 of 25
Answer Stats
Hint Answer % Correct
Sparkling wine sold under the name Champagne must come from this region in Northeast France Champagne
90%
The name of the Gobi Desert is Mongolian for this desert
88%
This is a day to honor all saints All Saints' Day
82%
It takes an hour for each man in this theatrical group to apply blue greasepaint to his head before shows Blue Man Group
77%
It's the 1-word name of the Ben & Jerry's flavor described as vanilla ice cream with vanilla bean specks vanilla
77%
The American poet Hilda Doolittle used this 2-letter pen name H.D.
67%
This novel ends Before the night has come have I lived to see the last warrior of the wise race of the Mohicans! The Last of the Mohicans
66%
This town on the York River was the site of the last major battle of the Revolutionary War Yorktown
62%
(Jon of the Clue Crew delivers the clue from the Duke University Primate Center.) Technicians of the Duke University Primate Center say the animals go bananas over grapes & this fruit of the genus Musa banana
61%
Henry Adams won a Pulitzer for The Education of Henry Adams; this man won for The Americanization of Edward Bok Edward Bok
61%
Hyphenated last name of sculptor Raymond the brother of artists Marcel Duchamp & Jacques Villon Duchamp-Villon
59%
(Jon of the Clue Crew reports from a waterfront.) This New England city got its name in the 1650s because its citizens said We're at the river's mouth and our port is as good as any Portsmouth
58%
L.A.'s Pink's hot dog stand has many fans incl. this often pink-haired singer who by the way isn't the owner P!nk
57%
After Dec. 11 2005 this show was movin' out of Broadway's Richard Rogers Theatre Movin' Out
55%
(Jimmy of the Clue Crew reports from on horseback.) The most famous stud farm for this breed of horse is in the region of Najd Saudi Arabia Arabian
49%
(Sarah of the Clue Crew stands underneath a fountain in St. Petersburg Russia.) Be careful of the umbrella fountain here in Peterov--if you step under it this will happen you'll get wet
48%
(Jimmy of the Clue Crew walks the stage of the Majestic Theatre in New York.) In the musical The Phantom of the Opera the Phantom writes one of these called Don Juan Triumphant opera
44%
(Jon of the Clue Crew stands in front of an old log cabin in the Wyoming mountains.) Towering over Jackson Hole Wyoming at a lofty 13766 feet is this mountain the largest in the Grand Teton range Grand Teton
42%
The town that became Orlando Florida was founded in 1850 by Aaron Jernigan & was given this 1-word name Jernigan
41%
You can read a variety of articles all about all aspects of show business in this trade paper established in 1905 Variety
40%
This Conrad work ends The... waterway... seemed to lead into the heart of an immense darkness Heart of Darkness
39%
In 1501 Venetian printers began using the moveable type of this to print music moveable type
31%
This Hugo Boss perfume scented with freesia & vanilla comes in a distinctive deep red bottle Deep Red
23%
This gemstone is basically an onyx with alternating bands of sard & other minerals sardonyx
20%
The scientific name of this striped carnivore is Hyaena hyaena striped hyena
20%
No matching quizzes found
Score Distribution
Percent of People with Each Score
Percentile by Number Answered
Your Score History
You have not taken this quiz